Miasta kończące się na A według podpowiedzi - Statystyki

Ogólne statystyki
  • Ten quiz został rozwiązany 1 261 razy
  • Średni wynik to 11 z 20
Statystyki odpowiedzi
Wskazówka Miasto % Poprawnych
Stolica Turcji Ankara
91%
Egipskie miasto założone przez „Wielkiego” zdobywcę Aleksandria
90%
Stolica regionu autonomicznego Katalonii Barcelona
89%
Największe miasto na ukraińskim wybrzeżu Morza Czarnego Odessa
71%
Stolica wykonawcza Republiki Południowej Afryki Pretoria
70%
Drugi pod względem liczby ludności obszar zurbanizowany w Japonii Osaka
66%
Największe miasto na wyspie Jawa Dżakarta
65%
Miasto w Ameryce Południowej, zaprojektowane przez Oscara Niemeyera i założone w 1960 r. Brasília
58%
Miasto na Palestynie na wybrzeżu Morza Śródziemnego Gaza
52%
Najbardziej wysunięte na południe duże miasto w Hiszpanii, miejsce urodzenia Pabla Picassa Málaga
50%
Krzysztof Kolumb pochodził z tego miasta na północno-zachodnim wybrzeżu Włoch Genua
48%
To afrykańskie miasto jest również nazwą filmu z udziałem Humphreya Bogarta Casablanca
47%
Siedziba Czerwonego Krzyża Genewa
44%
Założone przez konkwistadora Francisco Pizarro w 1535 roku Lima
43%
Gdzie odbywa się „Gonitwa Byków” Pampeluna
40%
Pomimo bliskości Stanów Zjednoczonych, mniej niż 10% z miliona turystów odwiedzających to miasto każdego roku to Amerykanie Hawana
39%
Największe nadmorskie miasto Kenii Mombasa
33%
Gdzie Benjamin Franklin stał się sławny? Filadelfia
31%
Meksykańskie miasto położone nieco na południe od San Diego Tijuana
27%
Generał William T. Sherman spalił go doszczętnie w 1864 roku Atlanta
22%
Nie znaleziono quizów pasujących do podanych kryteriów
Rozkład punktacji
Procent ludzi z każdym wynikiem
Percentyl według liczby udzielonych odpowiedzi
Twoja historia wyników
Nie rozwiązałeś tego quizu